Novels / (Rekord nr 47236)
| 000 -ETYKIETA REKORDU | |
|---|---|
| podpole kontrolne o stałej długości | 00966nam a2200301 i 4500 |
| 001 - NUMER KONTROLNY REKORDU | |
| pole kontrolne | bgj |
| 020 ## - MIĘDZYNARODOWY ZNORMALIZOWANY NUMER KSIĄŻKI - ISBN | |
| ISBN | 0940450313 (hbk, jacket) |
| 040 ## - ŹRÓDŁO KATALOGOWANIA | |
| Instytucja, która utworzyła rekord | BPK |
| 041 0# - KOD JĘZYKA | |
| Kod języka tekstu | eng |
| 920 ## - Międzynarodowy znormalizowany numer książki – ISBN | |
| ISBN | 0-940450-31-3 (hbk, jacket) |
| 008 - POLE O STAŁEJ DŁUGOŚCI - DANE KONTROLNE | |
| podpole kontrolne o stałej długości | s uk f |000 0 eng |
| 100 1# - NAZWA OSOBOWA | |
| Nazwa osobowa | WHARTON, Edith |
| Daty związane z nazwą | (1862-1937). |
| 245 10 - TYTUŁ/ODPOWIEDZIALNOŚĆ | |
| Tytuł | Novels / |
| Pozostałe elementy strefy tytułu i oznaczenia odpowiedzialności | Edith Wharton ; [edited by] R. W. B. Levis. |
| 250 ## - STREFA WYDANIA | |
| Oznaczenie wydania | [2nd print.]. |
| 260 ## - STREFA ADRESU WYDAWNICZEGO | |
| Miejsce wydania | New York : |
| Nazwa wydawcy/dystrybutora | Literary Classics of the United States, |
| Data publikacji, dystrybucji/powstania dokumentu | c. 1985. |
| 300 ## - STREFA OPISU FIZYCZNEGO | |
| Objętość | 1328 pp ; |
| Rozmiary | 21 cm. |
| 490 1# - STREFA SERII I DOKUMENTU WIELOCZĘŚCIOWEGO - FORMA NIE DO WYSZUKIWANIA | |
| Tytuł i oznaczenie odpowiedzialności serii | The Library of America ; |
| Numeracja w obrębie serii | 30 |
| 505 ## - SFORMALIZOWANA UWAGA DOTYCZĄCA ZAWARTOŚCI | |
| Pełny tekst uwagi | Contents: The House of Mirth; The Reef; The Custom of the Country; The Age of Innocence. |
| 651 #9 - HASŁO PRZEDMIOTOWE W FORMIE NAZWY GEOGRAFICZNEJ | |
| Nazwa geograficzna | New York |
| Określnik ogólny | Social life and customs |
| 655 ## - TERMIN INDEKSOWY - OKREŚLENIE RODZAJU/FORMY DOKUMENTU | |
| Określenie rodzaju/formy dokumentu | Fiction |
| 700 1# - HASŁO DODATKOWE - NAZWA OSOBOWA | |
| Nazwa osobowa | LEWIS, R. W. B. |
| Określenie związku między hasłem a opisywanym materiałem | ed. |
| 740 02 - HASŁO DODATKOWE - TYTUŁ DOKUMENTU ZWIAZANEGO/TYTUŁ PRACY WSPÓŁWYDANEJ | |
| Tytuł | The House of Mirth |
| 740 02 - HASŁO DODATKOWE - TYTUŁ DOKUMENTU ZWIAZANEGO/TYTUŁ PRACY WSPÓŁWYDANEJ | |
| Tytuł | The Reef |
| 740 02 - HASŁO DODATKOWE - TYTUŁ DOKUMENTU ZWIAZANEGO/TYTUŁ PRACY WSPÓŁWYDANEJ | |
| Tytuł | The Custom of the Country |
| 740 02 - HASŁO DODATKOWE - TYTUŁ DOKUMENTU ZWIAZANEGO/TYTUŁ PRACY WSPÓŁWYDANEJ | |
| Tytuł | The Age of Innocence |
| 830 ## - HASŁO DODATKOWE SERII LUB DOKUMENTU WIELOCZĘŚCIOWEGO - TYTUŁ UJEDNOLICONY | |
| Tytuł ujednolicony | The Library of America ; |
| 856 ## - LOKALIZACJA I DOSTĘP DO ELEKTRONICZNYCH DOKUMENTÓW ZDALNYCH | |
| Link (URL) | http://koha.tu.koszalin.pl/cgi-bin/koha/opac-detail.pl?biblionumber=47236 |
| Tekst linku | Katalog online BPK |
| 942 ## - DODATKOWE ELEMENTY (KOHA) | |
| Typ dokumentu | Książka |
| Wycofany | Status egzemplarza | Uszkodzony | Dostępność | Lokalizacja stała | Lokalizacja bieżąca | Miejsce przechowywania | Sygnatura | Kod kreskowy | Typ dokumentu |
|---|---|---|---|---|---|---|---|---|---|
| Dostępny | Biblioteka Politechniki Koszalińskiej | Biblioteka Politechniki Koszalińskiej | Wypożyczalnia Językowa | KA 2603 | 09024090 | Książka |
